Word Ladder: Obscure October 14 Holiday Quiz Stats

Quiz Updated Oct 14, 2017

Challenge
Share
Tweet
Embed
Score 0/16 Timer 01:30
0 Plays Today
Hint 4-letter Word % Correct
Eldest Simpson sonBART
98.6%
Taxi chargeFARE
97.1%
Gas dischargeFART
95.3%
The Chicago Marathon or Kentucky Derby, e.g.RACE
94.8%
1957 Andy Griffith film: A ____ in the CrowdFACE
93.5%
Place for wine or luggageRACK
92.9%
PosteriorBACK
91.9%
Units of 12 inchesFEET
91.3%
Hint 4-letter Word % Correct
Shakespeare nickname, 'The ____'BARD
90%
Avian facial featureBEAK
88.3%
Police officer's pathBEAT
86.2%
'Loser' and 'E-Pro' singerBECK
84.4%
Schrute farms productBEET
83.6%
WorryFRET
83.1%
October 14: Be [First Rung] and ___ Day
OR Unobstructed
😃 FREE 😃
74.9%
October 14: Be ___ and [Last Rung] Day
OR Like old tires
👴 BALD 👴
60.6%

Today's Daily Dose

Missing Word
Fruity Song Titles

Quick Pick
Double Blanks

On This Day
June 22nd II

You're not logged in!

Compare scores with friends on all Sporcle quizzes.
Join for Free
OR
Log In

You Might Also Like...

Show Comments

Extras

Top Quizzes Today


Score Distribution

Your Account Isn't Verified!

In order to create a playlist on Sporcle, you need to verify the email address you used during registration. Go to your Sporcle Settings to finish the process.

Report this User

Report this user for behavior that violates our Community Guidelines.

Details: